00315pab a2200097 454500008003600000245006500036362003400101650002600135650002200161773003400183180718b xxu||||| |||| 00| 0 eng d aRent seeking, new political economy and negation of politics a28(34), 21 Aug 93, p.1729-336 a Economic Development aWelfare Economics aEconomic and Political Weekly